[Event "HUN-chT2 Barcza 1819"]
[Site "Hungary"]
[Date "2019.02.24"]
[Round "8.11"]
[White "Gorombei, Balint"]
[Black "Kovacs, Laszlo7777"]
[Result "1/2-1/2"]
[WhiteElo "1599"]
[BlackElo "1625"]
[PlyCount "42"]
[EventDate "2018.09.23"]
[EventType "team-tourn"]
[EventRounds "11"]
[EventCountry "HUN"]
[SourceTitle "CBM 189 Extra"]
[Source "ChessBase"]
[SourceDate "2019.06.03"]
[SourceVersion "1"]
[SourceVersionDate "2019.06.03"]
[SourceQuality "1"]
[WhiteTeam "Nyiregyhaza"]
[BlackTeam "Debrecen Sakkiskola"]
[WhiteTeamCountry "HUN"]
[BlackTeamCountry "HUN"]

1. e4 e5 2. Nf3 Nf6 3. Nc3 Nc6 4. Bb5 d6 5. d4 Bd7 6. 0-0 exd4 7. Nxd4 Be7 8. Qd3 0-0 9. Nxc6 bxc6 10. Bc4 Re8 11. Bg5 Nxe4 12. Bxe7 Qxe7 13. Rae1 d5 14. Nxd5 cxd5 15. Bxd5 Rad8 16. Bxe4 Bf5 17. Bxf5 Qxe1 18. Bxh7+ Kh8 19. Qxd8 Qxf1+ 20. Kxf1 Rxd8 21. Bd3 Re8 1/2-1/2